| 000 | 00445nam a22001817a 4500 | ||
|---|---|---|---|
| 003 | MPLRDC | ||
| 005 | 20220104161703.0 | ||
| 008 | 210129b ||||| |||| 00| 0 eng d | ||
| 020 | _a7-80681-873-1 | ||
| 082 | _a719 HAL | ||
| 100 | _a黄爱琳 | ||
| 245 |
_a再穷也要去旅行 _c |
||
| 250 | _a一版一刷 | ||
| 260 |
_a中国 _b上海社会科学院出版社 _c2006 |
||
| 300 | _b平 | ||
| 650 | _a世界游记 | ||
| 942 |
_cBK _o719 HAL |
||
| 999 |
_c55607 _d55597 |
||